| 000 | 00950nam a22002297a 4500 | ||
|---|---|---|---|
| 003 | OSt | ||
| 005 | 20250328083231.0 | ||
| 008 | 240904b ||||| |||| 00| 0 eng d | ||
| 040 | _c0 | ||
| 082 | _aDPer 621.317 Ie21 December 2022 v.37 n. 12 part 1&2. | ||
| 100 |
_aPhukan, Ripun. _eauthor. _960130 |
||
| 245 |
_aAlternate filter structures for circulating current and conducted noise mitigation / _cRipun Phukan, and Rolando Burgos. |
||
| 260 |
_aNew York ; _bThe Institute of Electrical and Electronics Engineers, Inc., _cDecember 2022. |
||
| 300 |
_avolume 37, pages 14052-14056, _billustration. |
||
| 500 | _aIEEE Transactions on Power Electronics, v. 37 n. 12, pages 14052-14056, December 2022. | ||
| 650 | 0 |
_aIndirect coupling. _965975 |
|
| 650 | 0 |
_amonolithic structure. _965976 |
|
| 650 | 0 |
_asilicon carbide (SiC). _965977 |
|
| 700 |
_aPhukan, Ripun. _eauthor. _960130 |
||
| 700 |
_aBurgos, Rolando. _eauthor. _960131 |
||
| 942 |
_2ddc _cPER |
||
| 999 |
_c21300 _d21300 |
||